Večery na dedinke neďaleko Dikaňky /
Uložené v:
| Hlavný autor: | |
|---|---|
| Médium: | Kniha |
| Jazyk: | Slovak Russian |
| Vydané: |
Liptovský Mikuláš :
Tranoscius,
1947.
|
| Vydanie: | 2. vyd. |
| Edícia: | Tvorba Tranoscia
zv. 24 |
| ISBN: |
(brož.) |
| Fyzický popis: |
249 s. |
| Tagy: |
Pridať tag
Žiadne tagy, Buďte prvý kto otaguje tento záznam!
|
Titul je dostupný aj v ... 

MARC
| LEADER | 00000nam a22000001 4500 | ||
|---|---|---|---|
| 001 | 000170708 | ||
| 005 | 20090907223817.0 | ||
| 008 | 011225s1947 xo slo d | ||
| 020 | |a (brož.) | ||
| 040 | |a SVKKK |b slo |c SVKKK |e AACR2 | ||
| 041 | 1 | |a slo |h rus | |
| 044 | |a xo |c SK | ||
| 100 | 1 | |a Gogol´, Nikolaj Vasil´jevič, |d 1809-1852 |4 aut | |
| 245 | 1 | 0 | |a Večery na dedinke neďaleko Dikaňky / |c Nikolaj Vasil'jevič Gogol'. |
| 250 | |a 2. vyd. | ||
| 260 | |a Liptovský Mikuláš : |b Tranoscius, |c 1947. | ||
| 300 | |a 249 s. | ||
| 490 | 1 | |a Tvorba Tranoscia |v zv. 24 | |
| 830 | 0 | |a Tvorba Tranoscia |v zv. 24 | |
| 910 | |a svkkk | ||
| 998 | |a BK | ||
| 090 | |g SCKHL |k Sklad Pribinova 2. posch. |a II.128676 |j 276424 |i 170708-10 |s Prezenčne | ||
| 090 | |g SCKHL |k Sklad Pribinova 2. posch. |a II.131829 |i 170708-20 |s Prezenčne | ||